00610nam a2200193Ia 4500001002400000003000900024008004100033040002300074041001300097100002500110245003400135250001500169260002600184300003000210490001600240501012400256520001700380700001900397881.8-CAN ra po (17392)IT-MiSPE171229s9999||||xx |||||||||||||| ||und|| aIT-MiSPEcIT-MiSPE aITALIANO aRaffaele Cantarella  0aPoeti bizantinibII. LIII-CXV a1a ed. (v) aMilanobRizzolic1992 a555-1106 p. [2 v.]c18 cm a BURv L857 aEdizioni San Paolo srl - Piazza Soncino, 5 - 20092 CINISELLO BALSAMO (MI) (non commercial uses only) ® Copyright 2018 aEd. bilingue aFabrizio Conca